Score 0/38 Timer 10:00
0 Plays Today
Series Title % Correct
Ramona QuimbyBeezus and Ramona
67.1%
Ramona QuimbyRamona Quimby, Age 8
61.9%
Henry HugginsHenry Huggins
61.7%
Ralph S. MouseThe Mouse and the Motorcycle
56.6%
Ramona QuimbyRamona the Pest
51.4%
Ramona QuimbyRamona and Her Father
46.4%
Ralph S. MouseRalph S. Mouse
45.9%
Ramona QuimbyRamona and Her Mother
44.8%
Henry HugginsHenry and Beezus
40.6%
Henry HugginsHenry and Ribsy
38.9%
Ramona QuimbyRamona the Brave
35%
Ramona QuimbyRamona Forever
34.5%
Henry HugginsRibsy
33.2%
More Fun FriendsDear Mr. Henshaw
26.9%
Ralph S. MouseRunaway Ralph
25.6%
Ramona QuimbyRamona's World
25.2%
Henry HugginsHenry and the Paper Route
24.3%
More Fun FriendsEllen Tebbits
21.4%
More Fun FriendsSocks
21.4%
Series Title % Correct
Young Love BooksFifteen
20.9%
Henry HugginsHenry and the Clubhouse
19.2%
More Fun FriendsOtis Spofford
18.8%
More Fun FriendsMitch and Amy
16%
Young Love BooksJean and Johnny
15.8%
Young Love BooksSister of the Bride
15.8%
MemoirsA Girl from Yamhill
15%
More Fun FriendsEmily's Runaway Imagination
14.2%
More Fun FriendsMuggie Maggie
13.8%
Young Love BooksThe Luckiest Girl
13.5%
More Fun FriendsStrider
13.1%
MemoirsMy Own Two Feet
11.6%
Picture BooksTwo Dog Biscuits
10.4%
More Fun FriendsTwo Times the Fun
7.8%
Picture BooksLucky Chuck
7.7%
Picture BooksThe Growing-Up Feet
7.3%
Picture BooksJanet's Thingamajigs
7.2%
Picture BooksThe Hullabaloo ABC
7%
Picture BooksPetey's Bedtime Story
6.9%
Remove Ads.
Support Sporcle.
Get the best of Sporcle when you Go Orange. This ad-free experience offers more features, more stats, and more fun while also helping to support Sporcle. Thank you for becoming a member.

You're not logged in!

Compare scores with friends on all Sporcle quizzes.
OR
Log In

Show Comments

Extras

Top Quizzes Today


Score Distribution

Your Account Isn't Verified!

In order to create a playlist on Sporcle, you need to verify the email address you used during registration. Go to your Sporcle Settings to finish the process.

Report this User

Report this user for behavior that violates our Community Guidelines.

Details: